Vocational education in india why, what and how : (Record no. 123675)

MARC details
000 -LEADER
fixed length control field 00788nam a22002417a 4500
005 - DATE AND TIME OF LATEST TRANSACTION
control field 20170124105928.0
010 ## - LIBRARY OF CONGRESS CONTROL NUMBER
LC control number A-381068
020 ## - INTERNATIONAL STANDARD BOOK NUMBER
Terms of availability 80.00
035 ## - SYSTEM CONTROL NUMBER
System control number A-381068
037 ## - SOURCE OF ACQUISITION
Source of stock number/acquisition Cen Lib/Ret
040 ## - CATALOGING SOURCE
Original cataloging agency DPL
Language of cataloging EN
082 ## - DEWEY DECIMAL CLASSIFICATION NUMBER
Classification number 371.425
Item number AGA
100 ## - MAIN ENTRY--PERSONAL NAME
Personal name Aggarwal, J.C.
9 (RLIN) 2161
245 ## - TITLE STATEMENT
Title Vocational education in india why, what and how :
Statement of responsibility, etc by J.C. Aggarwal, S.P. Agarwal
Remainder of title philosophy, history problems and prospects of successful implimentation /
260 ## - PUBLICATION, DISTRIBUTION, ETC. (IMPRINT)
Place of publication, distribution, etc Delhi
Name of publisher, distributor, etc Doaba House
Date of publication, distribution, etc 1987
270 ## - ADDRESS
City Delhi
Address 1688, nai sarak
Postal code 110006
300 ## - PHYSICAL DESCRIPTION
Extent viii, 199p.
Dimensions 21cm(Hb)
500 ## - GENERAL NOTE
General note Includes appendix
650 ## - SUBJECT ADDED ENTRY--TOPICAL TERM
Topical term or geographic name as entry element Vocational education
9 (RLIN) 7658
650 ## - SUBJECT ADDED ENTRY--TOPICAL TERM
Topical term or geographic name as entry element Philosophy
9 (RLIN) 40266
700 ## - ADDED ENTRY--PERSONAL NAME
Personal name Agarwal, S.P.
9 (RLIN) 7660
942 ## - ADDED ENTRY ELEMENTS (KOHA)
Source of classification or shelving scheme Dewey Decimal Classification
Koha item type English Books
Classification part 371.425
Call number suffix AGA
Holdings
Withdrawn status Lost status Damaged status Not for loan Home library Current library Date acquired Source of acquisition Cost, normal purchase price Total Checkouts Full call number Barcode Date last seen Copy number Cost, replacement price Price effective from Koha item type Public note
Written off       Central Library Central Library 11/06/2015 Cen Lib/Ret 80.00   371.425 AGA A-381068 11/06/2015 1 80.00 15/09/2016 English Books Written off on approval by DLB (By Circulation); dtd 15-06-2023

© Delhi Public Library
Hit Counter
free hit counter